| 000 | 01216nam0a2200289 4500 | ||
|---|---|---|---|
| 001 | RU\NLR\bibl\1061457 | ||
| 005 | 20260405134805.0 | ||
| 010 |
_a5-9524-0968-7 _94000 |
||
| 035 | _a(NLR Aleph) 001048724 | ||
| 090 |
_a864818 _c864818 |
||
| 100 | _a20070320d2006 |||y0rusy50 ca | ||
| 101 | 1 |
_arus _ceng |
|
| 102 | _aRU | ||
| 105 | _aa ||||||||| | ||
| 200 | 1 |
_aАрхеология оружия _eот бронзового века до эпохи Ренессанса _fЭварт Окшотт _g[пер. с англ. М.К. Якушиной] |
|
| 210 |
_aМосква _cЦентрполиграф _d2006 |
||
| 215 |
_a388,[10] с., [12] л. ил. _cил., карт. _d21 |
||
| 300 | _aЗагл. и авт. ориг.: The archaeology of weapons/R. Ewart Ofkeshott | ||
| 454 | 0 |
_12001#$aThe archaeology of weapons$zeng _1700#1$aOakeshott$bE. R.$gEwart R.$4070 _tThe archaeology of weapons _aOakeshott, Ewart R. |
|
| 606 | 0 |
_aОружие _xИстория _91288986 _3RU\NLR\auth\66214962 |
|
| 686 | _aЦ9г(0) | ||
| 700 | 1 |
_4070 _8rus _7ca _aОкшотт _bЭ. _gЭварт _3RU\NLR\auth\7755255 _938187 |
|
| 801 | 0 |
_aRU _bNLR _c20070320 _gRCR |
|
| 801 | 1 |
_aRU _bNLR _c20070320 |
|
| 942 | _cBOOK | ||
| 980 | _aNB | ||